[Event "Online Olym Div3 B 2021"]
[Site "chess.com INT"]
[Date "2021.08.27"]
[Round "1.5"]
[Board "4"]
[White "Raya, Alnaimat"]
[Black "Tekulu, Masho Beyene"]
[Result "1-0"]
[WhiteElo "1694"]
[BlackElo "1403"]
[WhiteTeam "Jordan"]
[BlackTeam "Ethiopia"]
[WhiteFideId "8103690"]
[BlackFideId "15702758"]
[EventDate "2021.08.27"]
[EventType "team"]

1. d4 Nf6 2. Bf4 h6 3. Nd2 a6 4. Ngf3 b6 5. e3 Bb7 6. Bd3 e6 7. e4 d6 8. h3 Be7
9. c3 Nbd7 10. O-O O-O 11. Qe2 c5 12. e5 dxe5 13. dxe5 Nh7 14. Ne4 f6 15. exf6
Bxf6 16. Rad1 e5 17. Bg3 Qe7 18. Bc4+ Kh8 19. Rd2 Rad8 20. Rfd1 Bxe4 21. Qxe4
Bg5 22. Rxd7 Rxd7 23. Rxd7 Qxd7 24. Nxe5 Qd1+ 25. Kh2 g6 26. Nxg6+ Kg7 27. Nxf8
Kxf8 28. Qxh7 Qd8 29. Qf7# 1-0

[Event "Online Olym Div3 B 2021"]
[Site "chess.com INT"]
[Date "2021.08.27"]
[Round "1.5"]
[Board "5"]
[White "Kebede, Yoseph Kifle"]
[Black "Amr Majdalawi"]
[Result "0-1"]
[BlackTitle "CM"]
[WhiteElo "1814"]
[BlackElo "1806"]
[WhiteTeam "Ethiopia"]
[BlackTeam "Jordan"]
[WhiteFideId "15708063"]
[BlackFideId "8106401"]
[EventDate "2021.08.27"]
[EventType "team"]

1. e4 c5 2. Nf3 g6 3. d4 cxd4 4. Qd2 Bg7 5. Nxd4 Nc6 6. Nxc6 bxc6 7. c3 Nf6 8.
Qc2 O-O 9. Be2 Rb8 10. O-O Qb6 11. Nd2 Ba6 12. Nc4 Bxc4 13. Bxc4 d5 14. exd5
cxd5 15. Bb3 e5 16. Be3 d4 17. cxd4 exd4 18. Bg5 Qb5 19. Bxf6 Bxf6 20. Rfd1 a5
21. Rab1 Kg7 22. g3 Rfe8 23. Qc4 Qxc4 24. Bxc4 Red8 25. b3 Ra8 26. Rbc1 Rd6 27.
Bd3 Ra7 28. Rc8 Rd8 29. Rdc1 a4 30. R1c7 axb3 31. axb3 Rxc8 32. Rxc8 Rb7 33. Bc4
Rd7 34. Ra8 d3 35. Bxd3 Rxd3 36. b4 Rb3 37. Rb8 Rb2 38. Kf1 Bd4 39. b5 Rxf2+ 40.
Kg1 Rb2+ 41. Kh1 Kf6 42. Rb7 h5 43. h4 Ke6 44. g4 hxg4 45. h5 gxh5 46. b6 Rxb6
47. Rc7 h4 48. Kg2 Rb2+ 49. Kh1 h3 50. Re7+ Kd5 51. Rd7+ Kc4 52. Rc7+ Kd3 53.
Rc1 g3 54. Rd1+ Ke4 55. Re1+ Be3 56. Ra1 Rh2# 0-1

[Event "Online Olym Div3 B 2021"]
[Site "chess.com INT"]
[Date "2021.08.27"]
[Round "2.1"]
[Board "1"]
[White "Eiti, Bashir"]
[Black "Mansour, Sameer"]
[Result "1-0"]
[WhiteTitle "IM"]
[BlackTitle "IM"]
[WhiteElo "2340"]
[BlackElo "2308"]
[WhiteTeam "Syria"]
[BlackTeam "Jordan"]
[WhiteFideId "7601875"]
[BlackFideId "8100144"]
[EventDate "2021.08.27"]
[EventType "team"]

1. d4 Nf6 2. Bf4 g6 3. Nc3 Bg7 4. e4 d6 5. Qd2 O-O 6. O-O-O c6 7. Bh6 b5 8. Bxg7
Kxg7 9. e5 dxe5 10. dxe5 Qxd2+ 11. Rxd2 Nfd7 12. e6 fxe6 13. Ne4 Ne5 14. Be2
Nbd7 15. Nf3 Nxf3 16. Bxf3 Ne5 17. Be2 Nd7 18. Rhd1 Nb6 19. Bf3 Nd5 20. Nc5 a5
21. Re1 Rf6 22. Bg4 h5 23. Bxe6 Bxe6 24. Nxe6+ Kf7 25. Ng5+ Kg7 26. g3 h4 27.
Ne6+ Kf7 28. Ng5+ Kg7 29. f4 hxg3 30. hxg3 Rh8 31. c3 Kf8 32. a4 bxa4 33. c4 Nc7
34. Rd7 Ne8 35. Rexe7 Rh1+ 36. Kc2 Rh2+ 37. Kc3 Rd6 38. Rxe8+ Kxe8 39. Rxd6 Rg2
40. Ne4 1-0

[Event "Online Olym Div3 B 2021"]
[Site "chess.com INT"]
[Date "2021.08.27"]
[Round "2.1"]
[Board "2"]
[White "Loay, Sameer"]
[Black "Koniahli, Malek."]
[Result "1/2-1/2"]
[WhiteTitle "IM"]
[BlackTitle "FM"]
[WhiteElo "2197"]
[BlackElo "2255"]
[WhiteTeam "Jordan"]
[BlackTeam "Syria"]
[WhiteFideId "8104239"]
[BlackFideId "7603495"]
[EventDate "2021.08.27"]
[EventType "team"]

1. Nf3 Nf6 2. g3 d5 3. Bg2 c6 4. O-O Bf5 5. d3 e6 6. Nbd2 Nbd7 7. b3 h6 8. Bb2
Bh7 9. Qe1 Bc5 10. e4 dxe4 11. dxe4 O-O 12. Rd1 Qe7 13. Qe2 Rad8 14. e5 Nd5 15.
Ne4 Bxe4 16. Qxe4 Ba3 17. Ba1 Bb4 18. c4 Nc3 19. Bxc3 Bxc3 20. Qe3 Bb2 21. Qxa7
Nxe5 22. Nxe5 Bxe5 23. Bxc6 Ra8 24. Qxb7 Qxb7 25. Bxb7 Rxa2 26. c5 Rb8 27. c6
Kh7 28. Rd7 Rc2 29. Rxf7 Kg6 30. Rd7 Kf6 31. Rb1 h5 32. b4 h4 33. Kg2 hxg3 34.
hxg3 Kg6 35. b5 Rf8 36. Rf1 Rb8 37. Kh3 Kf6 38. Kg4 Rc4+ 39. f4 g5 40. Rh1 Kg6
41. Re7 Kf6 42. Reh7 Rg8 43. R1h6+ Rg6 44. Rxg6+ Kxg6 45. Rd7 gxf4 46. gxf4
Rxf4+ 47. Kh3 Rb4 48. Ba6 Rc4 49. Rd3 Kg5 50. Rb3 Rc2 51. Rg3+ Bxg3 52. Kxg3 Kf6
53. Bb7 Ke7 54. b6 Kd6 55. c7 Rxc7 56. bxc7 Kxc7 57. Be4 e5 58. Kg4 Kb6 59. Kf5
Ka5 60. Kxe5 1/2-1/2

[Event "Online Olym Div3 B 2021"]
[Site "chess.com INT"]
[Date "2021.08.27"]
[Round "2.1"]
[Board "3"]
[White "Yazji, Mada"]
[Black "Boshra, Alshaeby"]
[Result "0-1"]
[BlackTitle "WFM"]
[WhiteElo "1704"]
[BlackElo "2033"]
[WhiteTeam "Syria"]
[BlackTeam "Jordan"]
[WhiteFideId "7602065"]
[BlackFideId "8102937"]
[EventDate "2021.08.27"]
[EventType "team"]

1. e4 c5 2. Nf3 g6 3. d4 cxd4 4. Nxd4 Bg7 5. Nc3 Nc6 6. Be3 Nf6 7. Bc4 Qa5 8. f3
Qb4 9. Nb5 Qxc4 10. Nc7+ Kd8 11. Nxa8 b5 12. Nd5 Nxd5 13. exd5 Nb4 14. Bxa7
Nxc2+ 15. Kf2 Nxa1 16. Bb6+ Ke8 17. Nc7+ Kf8 18. Qxa1 Bd4+ 19. Bxd4 Qxd4+ 20.
Kg3 Qe5+ 21. f4 Qxc7 22. b3 f6 23. Rc1 Qb8 24. d6 Kf7 25. dxe7 g5 26. Qd4 Qxf4+
27. Qxf4 gxf4+ 28. Kxf4 Bb7 29. Rc5 Bc6 30. Rh5 Kxe7 31. g3 b4 32. Kf5 d6 33.
Rh6 Bd7+ 34. Ke4 Ke6 35. Kd4 d5 36. Kc5 Be8 37. Kxb4 Bg6 38. Rh4 Rc8 39. a4 Ke5
40. Rf4 d4 41. Rf2 d3 42. Rf1 Kd4 43. Rd1 Ke3 44. a5 Ke2 45. Ra1 d2 46. a6 d1=Q
47. Rxd1 Kxd1 48. Ka5 Kc2 49. b4 Be4 50. b5 Kc3 51. b6 Rc5+ 52. Ka4 Bc6+ 53. Ka3
Ra5# 0-1

[Event "Online Olym Div3 B 2021"]
[Site "chess.com INT"]
[Date "2021.08.27"]
[Round "2.1"]
[Board "4"]
[White "Alattar, Ghayda M."]
[Black "Mahmoud, Roula"]
[Result "1-0"]
[WhiteTitle "WFM"]
[BlackTitle "WFM"]
[WhiteElo "1868"]
[BlackElo "1765"]
[WhiteTeam "Jordan"]
[BlackTeam "Syria"]
[WhiteFideId "8101531"]
[BlackFideId "7601263"]
[EventDate "2021.08.27"]
[EventType "team"]

1. d4 Nf6 2. Nc3 g6 3. e4 d6 4. Be2 Bg7 5. Be3 O-O 6. h4 Nbd7 7. h5 c5 8. hxg6
fxg6 9. Bc4+ Kh8 10. Qd2 Nb6 11. Bd3 Ng4 12. dxc5 Nxe3 13. Qxe3 dxc5 14. O-O-O
Qc7 15. Kb1 c4 16. Be2 Bd7 17. Nf3 Qf4 18. Qc5 e5 19. Qe7 Rf7 20. Qg5 Bc6 21.
Qxf4 exf4 22. Ng5 Re7 23. Rxh7+ Kg8 24. f3 Rae8 25. Rd6 Be5 26. Rxg6+ Kf8 27.
Rxe7 Rxe7 28. Rh6 Kg7 29. Rh7+ Kf6 30. Rxe7 Kxe7 31. Nh3 Kf6 32. Kc1 Bd7 33. Nf2
Be6 34. Kd2 Nd7 35. b3 cxb3 36. axb3 a6 37. Nd3 Bc7 38. Na4 b5 39. Nac5 Nxc5 40.
Nxc5 Bc8 41. Kd3 Ke5 42. b4 a5 43. Kc3 axb4+ 44. Kxb4 Bd6 45. Kxb5 Kd4 46. Nb3+
Ke3 47. Kc6 Bb8 48. Bc4 Kf2 49. Nd4 Kxg2 50. Kd5 Ba7 51. Ne6 Be3 52. Ng5 Kg3 53.
e5 Bf5 54. Bd3 Bd7 55. e6 Be8 56. Bf5 Kh4 57. Ne4 Kh5 58. Nf6+ Kg5 59. Nxe8 Kxf5
60. e7 Bc5 61. Nd6+ Bxd6 62. Kxd6 Kf6 63. e8=Q Kg5 64. Qf8 Kh4 65. Ke5 Kg3 66.
Qxf4+ Kf2 67. Qd4+ Kxf3 68. Qf4+ Ke2 69. Kd4 Kd1 70. Qf3+ Kxc2 71. Qd3+ Kb2 72.
Qc3+ Ka2 73. Qb4 Ka1 74. Kc3 Ka2 75. Qb2# 1-0

[Event "Online Olym Div3 B 2021"]
[Site "chess.com INT"]
[Date "2021.08.27"]
[Round "2.1"]
[Board "6"]
[White "Tala, Alnasser"]
[Black "Ahmad Murad, Fatema Alzahraa."]
[Result "1-0"]
[WhiteElo "1431"]
[BlackElo "1872"]
[WhiteTeam "Jordan"]
[BlackTeam "Syria"]
[WhiteFideId "8110328"]
[BlackFideId "7602103"]
[EventDate "2021.08.27"]
[EventType "team"]

1. d4 d5 2. e3 Nf6 3. Nf3 Bd7 4. Bd3 Bg4 5. Nbd2 e6 6. a3 a6 7. b3 c5 8. Bb2 Nc6
9. h3 Bh5 10. g4 Bg6 11. Ne5 cxd4 12. exd4 Bxd3 13. cxd3 Qc7 14. Rc1 Bd6 15. f4
Nd7 16. g5 O-O 17. h4 1-0

[Event "Online Olym Div3 B 2021"]
[Site "chess.com INT"]
[Date "2021.08.27"]
[Round "2.2"]
[Board "1"]
[White "O'Donnell, Conor"]
[Black "Belachew, Yimam Abera"]
[Result "1-0"]
[WhiteTitle "FM"]
[BlackTitle "FM"]
[WhiteElo "2314"]
[BlackElo "2116"]
[WhiteTeam "Ireland"]
[BlackTeam "Ethiopia"]
[WhiteFideId "2504243"]
[BlackFideId "15700046"]
[EventDate "2021.08.27"]
[EventType "team"]

1. d4 Nf6 2. Bg5 d5 3. Bxf6 exf6 4. e3 Bd6 5. g3 O-O 6. Bg2 c6 7. Ne2 Bg4 8. h3
Bh5 9. O-O Nd7 10. Nd2 Re8 11. c4 f5 12. cxd5 cxd5 13. Re1 Nf6 14. Qb3 Rc8 15.
Nc3 Ne4 16. Nf1 b6 17. Nxd5 Qg5 18. Nf4 Bxf4 19. exf4 Qf6 20. d5 g5 21. fxg5
Qxg5 22. Re3 Nc5 23. Qc3 f4 24. Rxe8+ Rxe8 25. g4 Bg6 26. d6 Rd8 27. Rd1 h5 28.
Rd5 Qh4 29. Nh2 hxg4 30. Nxg4 Nd7 31. Qd4 f5 32. Ne5 Qg5 33. Nf3 Qf6 34. Qxf4
Nc5 35. Ne5 Ne6 36. Qd2 f4 37. d7 Bf7 38. Nc6 f3 39. Bh1 Nf4 40. Rd6 Nxh3+ 41.
Kf1 Qg7 42. Bxf3 Qg1+ 43. Ke2 Bc4+ 44. Ke3 Qg5+ 45. Ke4 1-0

[Event "Online Olym Div3 B 2021"]
[Site "chess.com INT"]
[Date "2021.08.27"]
[Round "2.2"]
[Board "2"]
[White "Tsige, Addisalem Temesgen"]
[Black "Jessel, Stephen"]
[Result "1/2-1/2"]
[BlackTitle "FM"]
[WhiteElo "2050"]
[BlackElo "2297"]
[WhiteTeam "Ethiopia"]
[BlackTeam "Ireland"]
[WhiteFideId "15700160"]
[BlackFideId "628859"]
[EventDate "2021.08.27"]
[EventType "team"]

1. d4 e6 2. Bf4 c5 3. e3 Nf6 4. Bd3 Nc6 5. c3 d5 6. Nd2 Bd6 7. Bg3 e5 8. dxe5
Nxe5 9. Bc2 O-O 10. Ngf3 Nxf3+ 11. Nxf3 Bg4 12. O-O Bxg3 13. hxg3 Qb6 14. Qb1 h6
15. b3 Rfd8 16. Bf5 Bxf3 17. gxf3 d4 18. exd4 cxd4 19. c4 a5 20. Bd3 Qc6 21. Be4
Nxe4 22. Qxe4 Re8 23. Qxd4 Qxf3 24. Rad1 Re2 25. Rd2 Rae8 26. Rxe2 Rxe2 27. Qd8+
Kh7 28. Qxa5 h5 29. Qd5 Re4 30. Qd1 Re2 31. Qd5 Qxd5 32. cxd5 Rxa2 33. Rd1 Kg6
34. d6 Ra8 35. Rd5 Rd8 36. Kg2 Rd7 37. Kf3 Kf6 38. Rxh5 Rxd6 39. Rb5 b6 40. Ke4
Ke6 41. f4 g6 42. g4 Kf6 43. g5+ Ke6 44. Re5+ Kd7 45. Rb5 Kc6 46. Re5 Rd1 47.
Kf3 Rd3+ 48. Kg4 Rd7 49. b4 b5 50. Rc5+ Kb6 51. Re5 Rc7 52. Kf3 Rc3+ 53. Kg4 Rc7 1/2-1/2

[Event "Online Olym Div3 B 2021"]
[Site "chess.com INT"]
[Date "2021.08.27"]
[Round "2.2"]
[Board "3"]
[White "Kanyamarala, Trisha"]
[Black "Haile, Lidet, Abate"]
[Result "1-0"]
[WhiteTitle "WIM"]
[WhiteElo "2180"]
[BlackElo "1606"]
[WhiteTeam "Ireland"]
[BlackTeam "Ethiopia"]
[WhiteFideId "45004722"]
[BlackFideId "15702073"]
[EventDate "2021.08.27"]
[EventType "team"]

1. d4 d5 2. c4 e6 3. Nc3 Nf6 4. cxd5 exd5 5. Bg5 Be7 6. e3 O-O 7. Bd3 c6 8. Qc2
h6 9. Bh4 Re8 10. Nge2 Nbd7 11. O-O Nf8 12. Rae1 Ng4 13. Bg3 Bh4 14. h3 Bxg3 15.
Nxg3 Nf6 16. Rd1 N6h7 17. e4 dxe4 18. Ncxe4 Qh4 19. Nd6 Re6 20. Nxc8 Rxc8 21.
Bf5 Rce8 22. Bxe6 Rxe6 23. Rfe1 Ng5 24. Qf5 Rxe1+ 25. Rxe1 Nge6 26. d5 cxd5 27.
Qxd5 Qb4 28. Qe5 1-0

[Event "Online Olym Div3 B 2021"]
[Site "chess.com INT"]
[Date "2021.08.27"]
[Round "2.2"]
[Board "4"]
[White "Tekulu, Masho Beyene"]
[Black "Ferguson, Dayna"]
[Result "0-1"]
[WhiteElo "1403"]
[BlackElo "1734"]
[WhiteTeam "Ethiopia"]
[BlackTeam "Ireland"]
[WhiteFideId "15702758"]
[BlackFideId "2509342"]
[EventDate "2021.08.27"]
[EventType "team"]

1. d4 Nf6 2. Bg5 e6 3. e4 h6 4. Bh4 g5 5. e5 gxh4 6. exf6 Qxf6 7. Nf3 d5 8. Nc3
c5 9. Nb5 Na6 10. dxc5 Bxc5 11. c3 Bd7 12. b4 Be7 13. Qd2 Bxb4 14. cxb4 Qxa1+
15. Ke2 Bxb5+ 16. Ke3 Bxf1 17. h3 Qb1 18. Qd4 Qc1+ 19. Nd2 Qe1+ 20. Kf4 Rg8 21.
Rxf1 Qe2 22. f3 Qxg2 23. Ke3 Qxh3 24. Kd3 Qf5+ 25. Ke3 h3 26. Nb3 Qg5+ 27. Ke2
Qg2+ 28. Rf2 Qg7 29. Qxg7 Rxg7 30. Rh2 Rg2+ 0-1

[Event "Online Olym Div3 B 2021"]
[Site "chess.com INT"]
[Date "2021.08.27"]
[Round "2.2"]
[Board "5"]
[White "Kanyamarala, Tarun"]
[Black "Kebede, Yoseph Kifle"]
[Result "1-0"]
[WhiteTitle "FM"]
[WhiteElo "2369"]
[BlackElo "1814"]
[WhiteTeam "Ireland"]
[BlackTeam "Ethiopia"]
[WhiteFideId "45004714"]
[BlackFideId "15708063"]
[EventDate "2021.08.27"]
[EventType "team"]

1. b3 d5 2. Bb2 c5 3. Nf3 Nc6 4. e3 a6 5. d4 Bg4 6. Nbd2 e6 7. Be2 Nf6 8. O-O
Rc8 9. a3 cxd4 10. exd4 Bd6 11. Ne5 Bxe2 12. Qxe2 O-O 13. Rac1 Qb6 14. Ndf3 Ne4
15. Nd7 Qc7 16. Nxf8 Rxf8 17. c4 f5 18. cxd5 exd5 19. Ne5 Qe7 20. f3 Nxe5 21.
fxe4 Ng4 22. e5 Bxa3 23. Bxa3 Qxa3 24. h3 Nh6 25. Qf3 Rd8 26. Rc5 Qb2 27. Rxd5
Rc8 28. Rd7 Rc2 29. Qd5+ 1-0

[Event "Online Olym Div3 B 2021"]
[Site "chess.com INT"]
[Date "2021.08.27"]
[Round "2.3"]
[Board "1"]
[White "Khairallah, Faisal"]
[Black "Ortega Amarelle, Mariano"]
[Result "0-1"]
[WhiteTitle "FM"]
[BlackTitle "IM"]
[WhiteElo "2247"]
[BlackElo "2463"]
[WhiteTeam "Lebanon"]
[BlackTeam "Cape Verde"]
[WhiteFideId "4628250"]
[BlackFideId "3504301"]
[EventDate "2021.08.27"]
[EventType "team"]

1. d4 Nf6 2. Bg5 d5 3. e3 c5 4. c3 Nc6 5. Nd2 cxd4 6. exd4 g6 7. Ngf3 Bg7 8. Bd3
Bf5 9. Bxf5 gxf5 10. O-O Ne4 11. Qb3 Qd7 12. Bf4 O-O 13. Nxe4 fxe4 14. Ne5 Nxe5
15. Bxe5 f6 16. Bg3 f5 17. Bf4 Rac8 18. Rae1 e6 19. Re3 Rf6 20. f3 b5 21. Qd1
Rcf8 22. Qe1 Bh6 23. Bxh6 Rxh6 24. Qg3+ Rg6 25. Qf4 Qg7 26. g3 h5 27. b3 h4 28.
fxe4 dxe4 29. Qxh4 b4 30. Rd1 f4 31. Rxe4 fxg3 32. h3 bxc3 33. Rc1 Qf7 34. Re2
g2 35. Kh2 Qf1 0-1

[Event "Online Olym Div3 B 2021"]
[Site "chess.com INT"]
[Date "2021.08.27"]
[Round "2.3"]
[Board "2"]
[White "Mirulla, David"]
[Black "Salman, Samer"]
[Result "0-1"]
[WhiteElo "1956"]
[BlackElo "1912"]
[WhiteTeam "Cape Verde"]
[BlackTeam "Lebanon"]
[WhiteFideId "2830235"]
[BlackFideId "5307503"]
[EventDate "2021.08.27"]
[EventType "team"]

1. e4 c5 2. Nf3 Nc6 3. d4 cxd4 4. Nxd4 Nf6 5. Nc3 d6 6. f3 e5 7. Nxc6 bxc6 8.
Bc4 Be7 9. Be3 O-O 10. Qd2 Be6 11. Bxe6 fxe6 12. O-O d5 13. exd5 exd5 14. Bf2
Nh5 15. Rae1 Bg5 16. Qe2 Re8 17. g3 g6 18. h4 Bh6 19. Rd1 Qd7 20. Kh2 Bg7 21.
Ne4 Rf8 22. Bc5 Rfe8 23. Qd2 Rad8 24. Qg5 Qe6 25. g4 Nf4 26. h5 h6 27. Qh4 g5
28. Nxg5 hxg5 29. Qxg5 Kh7 30. Kg3 Bf6 31. Qf5+ Qxf5 32. gxf5 Rg8+ 33. Kh2 Rg2+
34. Kh1 Rdg8 35. Rg1 Rxg1+ 36. Rxg1 Rxg1+ 37. Kxg1 a6 38. Kf2 Kh6 39. c3 Kxh5
40. a4 Nd3+ 0-1

[Event "Online Olym Div3 B 2021"]
[Site "chess.com INT"]
[Date "2021.08.27"]
[Round "2.3"]
[Board "3"]
[White "Mouradian, Knarik"]
[Black "Rodriguez Guevara, Celia M."]
[Result "1-0"]
[WhiteTitle "WIM"]
[WhiteElo "2121"]
[BlackElo "1849"]
[WhiteTeam "Lebanon"]
[BlackTeam "Cape Verde"]
[WhiteFideId "5300517"]
[BlackFideId "3511596"]
[EventDate "2021.08.27"]
[EventType "team"]

1. e4 d5 2. exd5 Qxd5 3. Nc3 Qa5 4. d4 c6 5. Bc4 Nf6 6. Nf3 Bf5 7. O-O e6 8. Bd2
Qc7 9. Re1 Be7 10. Ne5 O-O 11. Bf4 Bd6 12. Bd3 Bxd3 13. Qxd3 Nbd7 14. Qf3 Rfe8
15. Rad1 Rad8 16. Bg3 Nf8 17. Ne4 Nxe4 18. Qxe4 Ng6 19. Nxg6 hxg6 20. Bxd6 Qxd6
21. h3 Qd5 22. Qxd5 Rxd5 23. Rd3 Red8 24. Red1 f6 25. f4 Kf7 26. Kf2 g5 27. fxg5
Rxg5 28. Rb3 Rd7 29. Rbd3 Rgd5 30. R1d2 b5 31. Ke3 a5 32. Rc3 R7d6 33. Rcd3 g5
34. g4 f5 35. Kf3 Kf6 36. a3 f4 37. h4 Rd8 38. hxg5+ Kxg5 39. Rh2 Kg6 40. Kxf4
Rxd4+ 41. Rxd4 Rxd4+ 42. Ke5 Rxg4 43. Kxe6 Rf4 44. Kd6 Rf6+ 45. Kc5 Kf7 46. Rh7+
Ke8 47. c3 Kd8 48. Ra7 a4 49. Rh7 Kc8 50. c4 bxc4 51. Kxc4 Rf5 52. Kb4 Rb5+ 53.
Kc3 Rb7 54. Rxb7 Kxb7 55. Kb4 Kb6 56. Kxa4 c5 57. Kb3 Kb5 58. Kc3 1-0

[Event "Online Olym Div3 B 2021"]
[Site "chess.com INT"]
[Date "2021.08.27"]
[Round "2.3"]
[Board "5"]
[White "Arkadan, Adib"]
[Black "Santos, Bruno Miguel Araujo"]
[Result "1-0"]
[WhiteElo "1742"]
[BlackElo "1409"]
[WhiteTeam "Lebanon"]
[BlackTeam "Cape Verde"]
[WhiteFideId "5304946"]
[BlackFideId "23600349"]
[EventDate "2021.08.27"]
[EventType "team"]

1. d4 d5 2. c4 e6 3. Nc3 Nf6 4. cxd5 exd5 5. Bg5 Nbd7 6. e3 Be7 7. Bd3 h6 8. Bf4
b6 9. Nf3 O-O 10. O-O Bb7 11. Rc1 Rc8 12. Nb5 c5 13. dxc5 bxc5 14. Nd6 Bxd6 15.
Bxd6 Re8 16. b3 Qb6 17. Bg3 a5 18. Nh4 Ba6 19. Nf5 Ne5 20. Bxa6 Qxa6 21. Qd2 Qe6
22. Bxe5 Qxe5 23. Ng3 Red8 24. Qxa5 c4 25. bxc4 Ra8 26. Qb5 Rxa2 27. cxd5 Qxd5
28. Qxd5 Rxd5 29. Rfd1 Rxd1+ 30. Rxd1 Ng4 31. Rf1 f6 32. h3 Ne5 33. Rd1 Kf7 34.
Nf5 Ra6 35. Rb1 Ra7 36. Nd6+ Ke6 37. Nb5 Rb7 38. Nd4+ 1-0

[Event "Online Olym Div3 B 2021"]
[Site "chess.com INT"]
[Date "2021.08.27"]
[Round "2.4"]
[Board "1"]
[White "Al-Ali, Hussein Ali Hussein"]
[Black "Zaibi, Amir"]
[Result "0-1"]
[WhiteTitle "IM"]
[BlackTitle "GM"]
[WhiteElo "2277"]
[BlackElo "2398"]
[WhiteTeam "Iraq"]
[BlackTeam "Tunisia"]
[WhiteFideId "4800192"]
[BlackFideId "5500796"]
[EventDate "2021.08.27"]
[EventType "team"]

1. e4 c5 2. Nf3 e6 3. c3 d5 4. d3 dxe4 5. dxe4 Qxd1+ 6. Kxd1 Nf6 7. Bd3 Be7 8.
h3 O-O 9. Ke2 Rd8 10. Bf4 b6 11. Nbd2 Bb7 12. Rad1 Nc6 13. Ke3 Na5 14. g4 c4 15.
Bc2 Nd7 16. Ke2 Nc5 17. Ne5 Bd6 18. b4 cxb3 19. axb3 f6 20. Nd3 Nxe4 21. Nxe4
Bxe4 22. Bxd6 Bxh1 23. Nf4 Bc6 24. Bb4 Rxd1 25. Bxd1 e5 26. Nh5 Rd8 27. Bc2 Bd5
28. c4 Bf7 29. Ng3 Nc6 30. Bc3 Nd4+ 31. Bxd4 Rxd4 32. Nf5 Rd7 33. Be4 Be6 34.
Ne3 h5 35. f3 hxg4 36. hxg4 Kf7 37. Bc6 Rd8 38. b4 Rh8 39. b5 Rd8 40. Be4 Rd4
41. Bd3 g6 42. Kd2 f5 43. gxf5 Bxf5 44. Nxf5 gxf5 45. Ke3 Ke6 46. Be2 Kd6 47.
Bd3 Rf4 48. Be2 Kc5 49. Bd3 Kb4 50. Ke2 e4 51. fxe4 fxe4 52. Bc2 Kxc4 53. Ke3
Rh4 54. Bxe4 Rxe4+ 0-1

[Event "Online Olym Div3 B 2021"]
[Site "chess.com INT"]
[Date "2021.08.27"]
[Round "2.4"]
[Board "2"]
[White "Ben Brahem, Aymen"]
[Black "Ahmed, Ali Layth Ahmed"]
[Result "0-1"]
[BlackTitle "FM"]
[WhiteElo "2152"]
[BlackElo "2253"]
[WhiteTeam "Tunisia"]
[BlackTeam "Iraq"]
[WhiteFideId "5504899"]
[BlackFideId "4801920"]
[EventDate "2021.08.27"]
[EventType "team"]

1. d4 Nf6 2. Bf4 e6 3. e3 c5 4. Nc3 d5 5. Nb5 Na6 6. Nf3 Be7 7. c3 O-O 8. Bd3
Bd7 9. a4 Bc6 10. Ne5 Nb8 11. Ng4 c4 12. Nxf6+ Bxf6 13. Bc2 Bxb5 14. axb5 Nd7
15. e4 g6 16. h4 Re8 17. e5 Bg7 18. h5 g5 19. h6 Bf8 20. Qg4 Be7 21. Rh5 Nf8 22.
Bxg5 Ng6 23. Bxe7 Qxe7 24. f4 Kh8 25. O-O-O Rg8 26. Qf3 a6 27. b6 a5 28. g4 a4
29. f5 exf5 30. gxf5 Nf8 31. f6 Qd8 32. Qe3 a3 33. bxa3 Rxa3 34. Rg5 Ng6 35. Rf1
Qxb6 36. Kd2 Ra2 37. e6 fxe6 38. f7 Rxc2+ 39. Kxc2 Qb3+ 40. Kd2 Qb2+ 41. Ke1
Qb1+ 42. Kf2 Qc2+ 43. Kg1 Rf8 44. Rxg6 Qxg6+ 45. Kh2 Qh5+ 46. Kg2 Qg6+ 47. Kh3
Qh5+ 48. Kg3 Rxf7 49. Rxf7 Qxf7 50. Qe5+ Kg8 51. Qb8+ Qf8 52. Qf4 Qxf4+ 53. Kxf4
Kf7 0-1

[Event "Online Olym Div3 B 2021"]
[Site "chess.com INT"]
[Date "2021.08.27"]
[Round "2.4"]
[Board "3"]
[White "Al-Fayyadh, Zainab Asif Abdulah"]
[Black "Ben Said, Safa"]
[Result "1-0"]
[BlackTitle "WFM"]
[WhiteElo "1658"]
[BlackElo "1577"]
[WhiteTeam "Iraq"]
[BlackTeam "Tunisia"]
[WhiteFideId "4806476"]
[BlackFideId "5503400"]
[EventDate "2021.08.27"]
[EventType "team"]

1. e4 e5 2. Nf3 Nc6 3. Bb5 a6 4. Ba4 Bc5 5. O-O d6 6. c3 b5 7. Bb3 Bg4 8. h3 Be6
9. Bc2 Qf6 10. d3 h6 11. Be3 Nge7 12. d4 exd4 13. cxd4 Nb4 14. dxc5 Qxb2 15. Na3
Qxa3 16. Bb3 Nbc6 17. Nd4 Nxd4 18. Bxd4 O-O 19. Bxe6 fxe6 20. Qg4 e5 21. Be3 Rf6
22. Rfd1 Raf8 23. Qd7 Ng6 24. Qxc7 dxc5 25. Bxc5 Qb2 26. Bxf8 Qxf2+ 27. Kh1 Nxf8
28. Qxe5 Rg6 29. Qd5+ Kh7 30. Rd2 Qe3 31. Qd3 Qg5 32. Rf1 Ne6 33. Rdf2 Qc5 34.
Qd5 Qc8 35. e5 Ng5 36. Rf8 1-0

[Event "Online Olym Div3 B 2021"]
[Site "chess.com INT"]
[Date "2021.08.27"]
[Round "2.4"]
[Board "4"]
[White "Miladi, Amen"]
[Black "Jalaluldeen, Kareen Kamal J."]
[Result "0-1"]
[WhiteTitle "WFM"]
[BlackTitle "WFM"]
[WhiteElo "1665"]
[BlackElo "1780"]
[WhiteTeam "Tunisia"]
[BlackTeam "Iraq"]
[WhiteFideId "5503779"]
[BlackFideId "4801776"]
[EventDate "2021.08.27"]
[EventType "team"]

1. e4 e6 2. d4 d5 3. Nd2 c5 4. exd5 exd5 5. Ndf3 Bd6 6. c3 Nf6 7. Bg5 c4 8. Be2
O-O 9. Ne5 Bf5 10. Ngf3 Nbd7 11. Nxd7 Bxd7 12. Ne5 Re8 13. f4 Be7 14. Bxf6 Bxf6
15. O-O Be7 16. Bf3 Be6 17. b3 f6 18. Ng4 b5 19. Ne3 Rc8 20. bxc4 bxc4 21. Qe1
Bf7 22. Qg3 Qd7 23. Rae1 Rcd8 24. Bg4 Be6 25. Nf5 Bxf5 26. Bxf5 Qxf5 27. Re3 Bd6
28. Qf3 Re4 29. Rxe4 Qxe4 30. Qg4 f5 31. Qg5 Re8 32. h4 Qe3+ 33. Kh2 Rf8 34. Rf3
Qe7 35. Qh5 Qc7 36. Qg5 Be7 37. Qh5 g6 38. Qh6 Qd8 39. h5 Qd6 40. hxg6 hxg6 41.
Rh3 Kf7 42. Rg3 Ke8 43. Rxg6 Rf6 44. Rxf6 Qxf6 45. Qh5+ Kd7 46. Qf3 Kd6 47. g4
Qh4+ 48. Qh3 fxg4 49. Qxh4 Bxh4 50. f5 Ke7 51. Kg2 Kf6 0-1